Devisenoptionen als Instrumente des Währungsrisikomanagements

Salvato in:
Dettagli Bibliografici
Autore principale: Mehl, Josef R.
Natura: Libro
Lingua:tedesco
Pubblicazione: Frankfurt am Main Knapp 1991
Edizione:1. Aufl.
Soggetti:
Tags: Aggiungi Tag
Nessun Tag, puoi essere il primo ad aggiungerne!!

MARC

LEADER 00000nam a2200000 4500
001 c005014
005 20221206114513.2
020 |a 3-7819-0511-X 
041 0 |a ger 
044 |a DE 
245 1 0 |a Devisenoptionen als Instrumente des Währungsrisikomanagements  |c Josef R. Mehl 
250 |a 1. Aufl. 
264 1 |a Frankfurt am Main  |b Knapp  |c 1991 
300 |a 451 s. 
610 2 0 |a devízy 
610 2 0 |a burzy 
610 2 0 |a kurz devízový 
610 2 0 |a sadzby úrokové 
610 2 0 |a mena 
610 2 0 |a nástroje finančné 
610 2 0 |a riziko 
610 2 0 |a manažment 
610 2 0 |a opcie 
100 1 |a Mehl, Josef R.